Welcome to Marium Abdulla Library

Embrace knowledge with a breath of fresh air.

Browse Collection

Marium Abdulla Library

Theories and Documents of Contemporary Art: (Record no. 11700)

MARC details
000 -LEADER
fixed length control field 02674cam a2200445 a 4500
001 - CONTROL NUMBER
control field 12851
003 - CONTROL NUMBER IDENTIFIER
control field OSt
005 - DATE AND TIME OF LATEST TRANSACTION
control field 20260411123438.0
008 - FIXED-LENGTH DATA ELEMENTS--GENERAL INFORMATION
fixed length control field 110912s2012 caua b s001 0 eng
010 ## - LIBRARY OF CONGRESS CONTROL NUMBER
LC control number 2011038212
020 ## - INTERNATIONAL STANDARD BOOK NUMBER
International Standard Book Number 9780520253742
Qualifying information cloth : alk. paper
020 ## - INTERNATIONAL STANDARD BOOK NUMBER
International Standard Book Number 9780520257184
Qualifying information pbk. : alk. paper
035 ## - SYSTEM CONTROL NUMBER
System control number 16958348
040 ## - CATALOGING SOURCE
Original cataloging agency DLC
Transcribing agency DLC
Modifying agency DLC
042 ## - AUTHENTICATION CODE
Authentication code pcc
050 00 - LIBRARY OF CONGRESS CALL NUMBER
Classification number N6490
Item number .T492 2012
082 00 - DEWEY DECIMAL CLASSIFICATION NUMBER
Classification number 709.04 STI
Edition information 23
Item number 12851
100 ## - MAIN ENTRY--PERSONAL NAME
Personal name Stiles, Kristine
245 00 - TITLE STATEMENT
Title Theories and Documents of Contemporary Art:
Remainder of title A Sourcebook of Artists' Writings/
Statement of responsibility, etc. [edited] by Kristine Stiles.
246 30 - VARYING FORM OF TITLE
Title proper/short title Sourcebook of artists' writings
250 ## - EDITION STATEMENT
Edition statement 2nd ed., revised. and expanded.
260 ## - PUBLICATION, DISTRIBUTION, ETC.
Place of publication, distribution, etc. Berkeley, Calif. :
Name of publisher, distributor, etc. University of California Press,
Date of publication, distribution, etc. c2012.
300 ## - PHYSICAL DESCRIPTION
Extent xxii, 1141 p. :
Other physical details ill. ;
Dimensions 26 cm.
336 ## - CONTENT TYPE
Content type term text
Content type code txt
Source rdacontent
337 ## - MEDIA TYPE
Media type term unmediated
Media type code n
Source rdamedia
338 ## - CARRIER TYPE
Carrier type term volume
Carrier type code nc
Source rdacarrier
500 ## - GENERAL NOTE
General note First edition edited by Kristine Stiles and Peter Selz.
504 ## - BIBLIOGRAPHY, ETC. NOTE
Bibliography, etc. note Includes bibliographical references (p. 1071-1088) and index.
505 ## - FORMATTED CONTENTS NOTE
Formatted contents note Gestural abstraction<br/>Geometric abstraction<br/>Figuration<br/>Material culture and everyday life<br/>Art and technology<br/>Installations, environments, and sites<br/>Process<br/>Performance art<br/>Language and concepts
520 ## - SUMMARY, ETC.
Summary, etc. "First published in 1996, this irreplaceable resource has now been updated, revised, and expanded by Kristine Stiles to represent thirty countries and more than one hundred new artists. Stiles has added forty images and a diverse roster of artists, including many who have emerged since the 1980s, such as Julie Mehretu, Kara Walker, Damien Hirst, Shirin Neshat, Cai Guo-Qiang, Olafur Eliasson, Matthew Barney, and Takashi Murakami. The writings, which as before take the form of artists' statements, interviews, and essays, make vivid each artist's aesthetic approach and capture the flavor and intent of his or her work. The internationalism evident in this revised edition reflects the growing interest in the vitality of contemporary art throughout the world from the U.S. and Europe to the Middle East, Asia, Africa, Latin America, and Australia"
Expansion of summary note --Page 4 of cover
650 #0 - SUBJECT ADDED ENTRY--TOPICAL TERM
Topical term or geographic name entry element Art, Modern
Chronological subdivision 20th century.
-- 21st century.
650 #0 - SUBJECT ADDED ENTRY--TOPICAL TERM
Topical term or geographic name entry element Art appreciation & art criticism
650 #0 - SUBJECT ADDED ENTRY--TOPICAL TERM
Topical term or geographic name entry element Artist's writings
Form subdivision sourcebook
700 1# - ADDED ENTRY--PERSONAL NAME
Personal name Stiles, Kristine.
700 1# - ADDED ENTRY--PERSONAL NAME
Personal name Selz, Peter,
Dates associated with a name 1919-2019.
906 ## - LOCAL DATA ELEMENT F, LDF (RLIN)
a 7
b cbc
c orignew
d 1
e ecip
f 20
g y-gencatlg
942 ## - ADDED ENTRY ELEMENTS (KOHA)
Source of classification or shelving scheme Dewey Decimal Classification
Koha item type Book
Suppress in OPAC No
Holdings
Date last seen Total checkouts Full call number Barcode Date last checked out Price effective from Koha item type Lost status Source of classification or shelving scheme Damaged status Not for loan Collection Withdrawn status Home library Current library Shelving location Date acquired Source of acquisition Cost, normal purchase price
11/30/2022 2 709.04 STI 12851 10/12/2022 10/26/2021 Book   Dewey Decimal Classification     Fine Arts   Marium Abdulla Library Marium Abdulla Library Non-Ref 04/27/2017 Progressive International 2500.00
10/26/2021   709.04 STI 12882   10/26/2021 Book   Dewey Decimal Classification     Liberal Arts   Marium Abdulla Library Marium Abdulla Library Non-Ref 05/06/2017 Progressive International 2500.00